| 000 -LEADER |
| fixed length control field |
00672cam a2200205 a 4500 |
| 020 ## - INTERNATIONAL STANDARD BOOK NUMBER |
| ISBN |
0521328438 |
| 040 ## - CATALOGING SOURCE |
| Transcribing agency |
DLC |
| 082 00 - DEWEY DECIMAL CLASSIFICATION NUMBER |
| Classification number |
592 CAM 1988 A058 Or. |
| 245 00 - TITLE STATEMENT |
| Title |
Neurohormones in invertebrates / |
| 260 ## - PUBLICATION, DISTRIBUTION, ETC. (IMPRINT) |
| Place of publication |
Cambridge ; |
| -- |
New York : |
| Name of publisher |
Cambridge University Press, |
| Year of publication |
1988. |
| 300 ## - PHYSICAL DESCRIPTION |
| Number of Pages |
ix, 318 p. : |
| Other physical details |
ill. ; |
| Dimensions |
24 cm. |
| 490 1# - SERIES STATEMENT |
| Series statement |
Seminar series / Society for Experimental Biology ; |
| 650 #0 - SUBJECT ADDED ENTRY--TOPICAL TERM |
| Topical Term |
Invertebrates |
| 650 #0 - SUBJECT ADDED ENTRY--TOPICAL TERM |
| Topical Term |
Neurohormones. |
| 700 1# - ADDED ENTRY--PERSONAL NAME |
| Personal name |
Thorndyke, M. C. |
| 700 1# - ADDED ENTRY--PERSONAL NAME |
| Personal name |
Goldsworthy, Graham J. |
| 856 42 - ELECTRONIC LOCATION AND ACCESS |
| Uniform Resource Identifier |
http://www.loc.gov/catdir/description/cam023/87015100.html |
| 856 41 - ELECTRONIC LOCATION AND ACCESS |
| Uniform Resource Identifier |
http://www.loc.gov/catdir/toc/cam029/87015100.html |
| 942 ## - ADDED ENTRY ELEMENTS (KOHA) |
| Koha item type |
សៀវភៅភាសាអង់គ្លេស |
| 952 ## - LOCATION AND ITEM INFORMATION (KOHA) |
| Withdrawn status [LOCAL, KOHA] |
0 |